000 00793nam a22002177a 4500
005 20100804122439.0
010 _aENG-98150
020 _a9788182930346
_c950.00
020 _a8182930340
_c950.00
035 _aEN-81683
037 _bDBAD/PUB
082 _a616.01
100 _aAggarwal, Anjali
_95878
245 _aMedical Microbiology:
_btrends and innovation /
_cby Anjali Aggarwal
260 _aNew Delhi
_bInternational Scientific Publishing Academy
_c2010
270 _a4594/9, Darya Ganj
_bNew Delhi
_e110002
300 _axiv,302p.
_c22cm (Hb)
650 _aMedical microbiology
_95879
942 _2ddc
_cEN
_h616.01
_mAGG
999 _c39177
_d39177